| Поле | Инд. | ПП | Название | Значение |
|---|---|---|---|---|
| Тип записи | a | |||
| Библиографический уровень | b | |||
| 001 | Контрольный номер | RU/IS/BASE/307553373 | ||
| 005 | Дата корректировки | 20200522191340.9 | ||
| 008 | Кодируемые данные | 20090929 | ||
| 040 | b | Код языка каталог. | rus | |
| e | Правила каталог. | PSBO | ||
| 041 | 0_ | a | Код языка текста | rus |
| 084 | a | Индекс другой классификации/Индекс ББК | 81.415.3-213; 81.416.4-213; 81.411.2-213 | |
| 100 | 1_ | a | Автор | Третьякова О. Д. |
| 245 | 10 | a | Заглавие | Функции неопределенных местоимений без показателя неопределенности |
| b | Продолж. заглавия | (на материале славянских языков) | ||
| 504 | a | Библиография | Библиогр.: с. 147 | |
| 650 | 14 | a | Основная рубрика | грамматика |
| a | Основная рубрика | филологические науки | ||
| a | Основная рубрика | частное языкознание | ||
| a | Основная рубрика | языкознание | ||
| 653 | 1_ | a | Ключевые слова | местоимение |
| a | Ключевые слова | морфология | ||
| a | Ключевые слова | неопределенные местоимения | ||
| a | Ключевые слова | польский язык | ||
| a | Ключевые слова | русский язык | ||
| a | Ключевые слова | сербский язык | ||
| a | Ключевые слова | славянские языки | ||
| a | Ключевые слова | части речи | ||
| 773 | 08 | t | Заглавие источника | Вестник Московского университета. Серия 9, Филология |
| d | Дата издания источника | 2009 | ||
| g | Прочая информация | № 1. - С. 134 - 147 : табл., схем. | ||
| w | Контрольный № источника | RU/IS/BASE/299591630 | ||
| 901 | t | Тип документа | b |